L'Aigua / coordinació: Núria Ventura ; realització: Mercè Cortés Núria Ventura ; realització:
Descripción Física:
227 p. : il. ; 30 cm
Colección:
Dossier ; 73
Materias:
Aigua
MARC
| LEADER | 00000nam a2200000Ia 4500 | ||
|---|---|---|---|
| 001 | 21611 | ||
| 008 | 160829s2008 xx 000 0 cat d | ||
| 080 | |a C-3-200 | ||
| 245 | |a L'Aigua / coordinació: |b Núria Ventura ; realització: |b Mercè Cortés | ||
| 260 | |a Barcelona : |b Diputació de Barcelona. Gerència de Serveis de Biblioteques, |c 2008 | ||
| 300 | |a 227 p. : |b il. ; |c 30 cm | ||
| 490 | |a Dossier ; 73 | ||
| 590 | |a Bibliografia. | ||
| 590 | |a Recull de premsa | ||
| 650 | |a Aigua |9 46055 | ||
| 700 | |a Ventura, Núria |e editor literari |9 18519 | ||
| 700 | |a Cortés, Mercè |e autor |9 45362 | ||
| 710 | 1 | |a Barcelona (Catalunya : Província). |b Gerència de Serveis de Biblioteques |9 52661 | |
| 901 | |a Arxiu | ||
| 942 | |n 1 |2 udc | ||
| 952 | |0 0 |1 0 |4 0 |6 C3200 |7 1 |9 52952 |a Arxiu |b Arxiu |d 2016-12-01 |l 0 |o C-3-200 |p 21611 |r 2016-12-01 00:00:00 |w 2016-12-01 |y ARXIU | ||
| 999 | |c 56801 |d 56801 | ||